Female condoms for prevention, protection & Pleasure (Record no. 59349)

MARC details
000 -LEADER
fixed length control field 00518nam a2200133Ia 4500
100 ## - MAIN ENTRY--AUTHOR NAME
Personal name Garg O M
245 #0 - TITLE STATEMENT
Title Female condoms for prevention, protection & Pleasure
260 ## - PUBLICATION, DISTRIBUTION, ETC. (IMPRINT)
Name of publisher Rubber Asia
Year of publication 2013
300 ## - PHYSICAL DESCRIPTION
Number of Pages 114-115
520 ## - SUMMARY, ETC.
Summary, etc the female condom(FC) is the only women-initiated, dual-protection commodity that protects women from both sexually transmitted infections(STIs), including HIV,and unintended pregnancy.
650 ## - SUBJECT ADDED ENTRY--TOPICAL TERM
Topical Term Natural rubber latex
942 ## - ADDED ENTRY ELEMENTS (KOHA)
Koha item type Journals
Holdings
Withdrawn status Lost status Damaged status Not for loan Home library Current library Date acquired Serial Enumeration / chronology Koha item type
      Journals RRII Library RRII Library 21/03/2014 Volume 28, Issue 5 Journals